| 000 | 01209nam a2200301 i 4500 | ||
|---|---|---|---|
| 003 | EG-GICUC | ||
| 005 | 20260126172815.0 | ||
| 008 | 260117s2005 ua ||||fr|||| 00| 0 ara d | ||
| 017 | _a2005/7695 | ||
| 040 |
_a EG-GICUC _bara _c EG-GICUC _d EG-GICUC _erda |
||
| 041 | _aara | ||
| 082 | 0 | 4 |
_221 _a343.3062 _bأ س . إ |
| 092 | 0 | 4 | _221 |
| 099 | _aLaw1 10 343.3062 أ س . إ 2005 | ||
| 100 | 0 |
_aأسامة عبدالله قايد _eمؤلف. |
|
| 245 | 1 | 2 |
_aالإجراءات الجنائية في التشريع المصري. _nالجزء الثانى، _pالمحاكمة - الحكم - طرق الطعن / _cتأليف دكتور أسامة عبدالله قايد. |
| 264 | 1 |
_aالقاهرة : _bدار النهضة العربية, _c2005. |
|
| 300 |
_a404 صفحة ; _c24 سم. |
||
| 336 |
_2rda content _atext |
||
| 337 |
_2rda media _aComputer |
||
| 338 |
_2rda carrier _aOnline Resource |
||
| 504 | _aيشتمل على إرجاعات ببيليوجرافية. | ||
| 650 | 1 | _aالقانون الجنائي | |
| 650 | 1 |
_a قانون الإجراءات الجنائية _zمصر |
|
| 856 | 4 | 0 | _uhttps://fll.law.cu.edu.eg/fulltext/bks/B10-05461.pdf |
| 905 |
_a43 _eYara |
||
| 942 |
_2ddc _n0 _cBK _e21 |
||
| 999 |
_c57337 _d57337 |
||